| 000 | 00891nam a2200253Ia 4500 | ||
|---|---|---|---|
| 003 | OSt | ||
| 005 | 20221007110708.0 | ||
| 006 | a|||||r|||| 00| 0 | ||
| 007 | ta | ||
| 008 | 221006b |||||||| |||| 00| 0 eng d | ||
| 024 | _a21,639 | ||
| 037 | _cTextual | ||
| 040 |
_aLCO _cLCO _beng |
||
| 041 |
_2eng _aeng |
||
| 082 | _aX8(A):89ZB:(ZqN51), L9 | ||
| 100 | _aMalik P.L. | ||
| 245 | 0 | _aIndustries Development and Regulation Act, 1951 | |
| 260 |
_aLucknow _bEastern Book Company India _c1979 |
||
| 300 | _a190 | ||
| 500 | _aRegistration and Licensing of Industrial Undertaking Rules, 1952 and related material on Incentives, Concessions, Exemptions, Foreign Exchange Regulations, Authorities for Different Industries, etc. | ||
| 650 |
_aINDUSTRIAL DEVELOPMENT _9243834 |
||
| 942 |
_hX8(A):89ZB:(ZqN51), L9 _cTEXL |
||
| 999 |
_c1191202 _d1191202 |
||